Statistics for All 5-Letter Words Starting with “Q”

Click here to take the quiz!

General Stats

  • This quiz has been taken 207 times
    (73 since last reset)
  • The average score is 25 of 59

Answer Stats

Word% Correct
quite
86%
queen
84%
quill
81%
quack
78%
quart
78%
quick
78%
quits
78%
quell
76%
quiet
76%
queer
73%
quips
73%
quest
71%
quads
70%
quote
70%
quilt
67%
quail
60%
quake
60%
quint
59%
quark
57%
quash
57%
quire
57%
quids
56%
quaff
54%
queue
54%
qualm
52%
quant
51%
quasi
51%
quiff
51%
quins
51%
quirk
49%
quays
48%
quota
48%
quags
40%
quare
40%
quate
38%
quoth
37%
quale
35%
query
35%
quirt
27%
quaky
25%
quass
25%
quoit
22%
quean
19%
quoll
19%
quais
17%
quods
17%
quipu
14%
queys
11%
qadis
8%
qibla
8%
quern
8%
quoin
8%
qaids
5%
qanat
5%
qophs
5%
qajaq
3%
qursh
3%
qapik
2%
qubit
2%

Score Distribution

Percentile by Number Answered

Percent of People with Each Score

Your Score History

You have not taken this quiz since the last reset